000
00278nam a2200121Ia 4500
008
220204s9999 xx 000 0 und d
082
_a
944
_b
WIN
100
_a
Winston, Clara
245
0
_a
Notre dame de Paris
260
_a
New York
_b
Newsweek
700
_a
Richard
942
_c
BK
999
_c
29656
_d
29656